Catálogo público

Inseminación y transferencia de embriones en animales de granja / (Record no. 169592)

MARC details
000 -CABECERA
campo de control de longitud fija 01045nam a2200301Ia 4500
001 - NÚMERO DE CONTROL
campo de control Z_6337
003 - IDENTIFICADOR DEL NÚMERO DE CONTROL
campo de control CHAP
005 - FECHA Y HORA DE LA ÚLTIMA TRANSACCIÓN
campo de control 20230321143327.0
008 - DATOS DE LONGITUD FIJA--INFORMACIÓN GENERAL
campo de control de longitud fija 220113ns.f. ck aod f 001 0 und d
010 ## - NÚMERO DE CONTROL DE LA BIBLIOTECA DEL CONGRESO
Número de control de LC 169592
020 ## - NÚMERO INTERNACIONAL ESTÁNDAR DEL LIBRO
Número Internacional Estándar del Libro 978-958-736-016-5
040 ## - FUENTE DE LA CATALOGACIÓN
Centro catalogador/agencia de origen Z
Centro/agencia transcriptor CHAP
082 ## - NÚMERO DE LA CLASIFICACIÓN DECIMAL DEWEY
Número de clasificación 636.0824 I53
245 00 - MENCIÓN DE TÍTULO
Título Inseminación y transferencia de embriones en animales de granja /
Mención de responsabilidad, etc. editores Felipe Durán Ramírez y Edwin Zambrano Pineda; revición técnica Daniel Felipe Latorre
300 ## - DESCRIPCIÓN FÍSICA
Extensión 521 páginas :
Otras características físicas ilustraciones, fotografías, gráficas, tablas
Material acompañante/anejo + 1 CD
500 ## - NOTA GENERAL
Nota general Ilustraciones y fotografías: Banco de imágenes Grupo Latino Editores
504 ## - NOTA DE BIBLIOGRAFÍA, ETC.
Nota de bibliografía, etc. Bibliografía: página 511
700 ## - PUNTO DE ACCESO ADICIONAL--NOMBRE DE PERSONA
Nombre de persona Durán Ramírez, Felipe, ed.
700 ## - PUNTO DE ACCESO ADICIONAL--NOMBRE DE PERSONA
Nombre de persona Zambrano Pineda, Edwin, ed.
9 (RLIN) 144483
700 ## - PUNTO DE ACCESO ADICIONAL--NOMBRE DE PERSONA
Nombre de persona Latorre, Daniel Felipe, rev.
9 (RLIN) 144485
942 ## - ELEMENTOS DE PUNTO DE ACCESO ADICIONAL (KOHA)
Tipo de ítem Koha Libro
Fuente del sistema de clasificación o colocación Dewey Decimal Classification
942 ## - ELEMENTOS DE PUNTO DE ACCESO ADICIONAL (KOHA)
Fuente del sistema de clasificación o colocación Dewey Decimal Classification
260 ## - PUBLICACIÓN, DISTRIBUCIÓN, ETC.
Lugar de publicación, distribución, etc. Colombia :
Nombre del editor, distribuidor, etc. Grupo Latino Ediotres,
Fecha de publicación, distribución, etc. [s. f.]
503 ## - NOTA DE HISTORIA BIBLIOGRÁFICA (BK CF MU) [OBSOLETO]
Nota de historia bibliográfica ej.1: 262213
901 ## - ELEMENTOS DE DATOS A LOCAL LDA (RLIN)
a 636.0824 I53
902 ## - ELEMENTOS DE DATOS B LOCAL, LDB (RLIN)
a M
910 ## - DATOS DE OPCIÓN DEL USUARIO (OCLC)
Datos de opción del usuario [s.
Holdings
Estado de retiro Estado de pérdida Fuente del sistema de clasificación o colocación Estado dañado Restricciones de uso No para préstamo Código de colección Localización permanente Ubicación/localización actual Fecha de adquisición Fuente de adquisición Número de inventario Signatura topográfica completa Código de barras Fecha visto por última vez Número de copia Precio válido a partir de Tipo de ítem Koha
    Dewey Decimal Classification   Préstamo interno   General Zootecnia Zootecnia 25/04/2013 Compra 262213 636.0824 I53 z_6059 18/01/2022 Ej.1 18/01/2022 Libro